000
00294nam a22001337a 4500
008
180316b xxu||||| |||| 00| 0 eng d
020
_a
9780155064614
041
_a
eng
080
_a
541
100
_a
12
101
_a
KIM
245
_a
Experiments in Chemistry
_c
Milio, F.R
942
_2
udc
_c
BK
999
_c
45240
_d
45240